Кафедра "Региональная экономика и предпринимательство" Экономического факультета Чувашского государственного университета имени И. Н. Ульянова (Запись № 4341996)

Подробности
000 -МАРКЕР
контрольное поле 02434nam0a2200349 i 4500
001 - ИДЕНТИФИКАТОР ЗАПИСИ
контрольное поле RU\NLR\bibl\2011189
005 - ИДЕНТИФИКАТОР ВЕРСИИ
контрольное поле 20260408103436.0
010 ## - МЕЖДУНАРОДНЫЙ СТАНДАРТНЫЙ НОМЕР КНИГИ (ISBN)
Номер (ISBN) 9785423400620
Тираж 50
021 ## - НОМЕР ГОСУДАРСТВЕННОЙ РЕГИСТРАЦИИ
Код страны Российская Федерация
Номер 2013-13214
Номер Листа государственной регистраци 944
035 ## - ДРУГИЕ СИСТЕМНЫЕ НОМЕРА
Идентификатор записи (nilc)RuMoRGB-006540223
035 ## - ДРУГИЕ СИСТЕМНЫЕ НОМЕРА
Идентификатор записи (NLR Aleph) 001999732
100 ## - ДАННЫЕ ОБЩЕЙ ОБРАБОТКИ
Данные общей обработки 20130226d2012 u y0rusy50 ca
101 0# - ЯЗЫК РЕСУРСА
Язык текста, звукозаписи и т.д. русский
102 ## - СТРАНА ПУБЛИКАЦИИ ИЛИ ПРОИЗВОДСТВА
Страна публикации Российская Федерация
105 ## - ПОЛЕ КОДИРОВАННЫХ ДАННЫХ: ТЕКСТОВЫЕ МАТЕРИАЛЫ, МОНОГРАФИЧЕСКИЕ
Кодированные данные о монографическом текстовом документе a |||||||||
200 1# - ЗАГЛАВИЕ И СВЕДЕНИЯ ОБ ОТВЕТСТВЕННОСТИ
Основное заглавие Кафедра "Региональная экономика и предпринимательство" Экономического факультета Чувашского государственного университета имени И. Н. Ульянова
Сведения, относящиеся к заглавию нам 45 лет
Первые сведения об ответственности [М-во образования и науки Российской Федерации, Федеральное гос. бюджетное образовательное учреждение высш. проф. образования "Чуваш. гос. ун-т им. И.Н. Ульянова"
Последующие сведения об ответственности сост.: Н. В. Морозова и др.
-- под ред. проф. А.Е. Яковлева]
210 ## - ПУБЛИКАЦИЯ, РАСПРОСТРАНЕНИЕ И ДР.
Место издания, распространения и т.д. Чебоксары
Имя издателя, распространителя и т. д. Перфектум
Дата издания, распространения и т.д. 2012
215 ## - ФИЗИЧЕСКАЯ ХАРАКТЕРИСТИКА
Специфическое обозначение материала и объем 93 с.
Другие сведения о физической характеристике ил., портр., табл., цв. ил., портр.
Размеры 23
601 02 - НАИМЕНОВАНИЕ ОРГАНИЗАЦИИ КАК ПРЕДМЕТ
Начальный элемент ввода Чувашский государственный университет им. И. Н. Ульянова
Структурное подразделение организации Кафедра "Региональная экономика и предпринимательство"
Идентифицирующий признак Чебоксары, город
Системный номер авторитетной/нормативной записи 2234015
Идентификатор авторитетной/нормативной записи RU\NLR\AUTH\6601572893
686 1# - ИНДЕКСЫ ДРУГИХ КЛАССИФИКАЦИЙ
Индекс Ч489.34(2Р)7
702 #1 - ИМЯ ЛИЦА - ВТОРИЧНАЯ ОТВЕТСТВЕННОСТЬ
Код отношения Редактор
Материалы, к которым относится поле rus
Графика поля Кириллица
Начальный элемент ввода Яковлев
Часть имени, кроме начального элемента ввода А. Е.
Дополнения к именам, кроме дат д-р экон. наук
Даты 1953-
Расширение инициалов личного имени Анатолий Егорович
Идентификатор авторитетной/нормативной записи RU\NLR\auth\7742284
Системный номер авторитетной/нормативной записи 25229
702 #1 - ИМЯ ЛИЦА - ВТОРИЧНАЯ ОТВЕТСТВЕННОСТЬ
Код отношения Составитель
Материалы, к которым относится поле rus
Графика поля Кириллица
Начальный элемент ввода Морозова
Часть имени, кроме начального элемента ввода Н. В.
Дополнения к именам, кроме дат канд. экон. наук
Расширение инициалов личного имени Наталия Витальевна
Идентификатор авторитетной/нормативной записи RU\NLR\auth\7774337
Системный номер авторитетной/нормативной записи 57265
712 02 - НАИМЕНОВАНИЕ ОРГАНИЗАЦИИ - ВТОРИЧНАЯ ОТВЕТСТВЕННОСТЬ
Код отношения Прочие
Начальный элемент ввода Чувашский государственный университет им. И. Н. Ульянова
Идентифицирующий признак Чебоксары
Структурное подразделение Кафедра "Региональная экономика и предпринимательство"
Идентификатор авторитетной/нормативной записи RU\NLR\AUTH\8810242744
Системный номер авторитетной/нормативной записи 371372
801 #0 - ИСТОЧНИК ЗАПИСИ
Страна Российская Федерация
Организация RuMoRKP
Дата составления 20130226
Правила каталогизации RCR
801 #2 - ИСТОЧНИК ЗАПИСИ
Страна Российская Федерация
Организация РГБ
Дата составления 20130410
Правила каталогизации rcr
801 #1 - ИСТОЧНИК ЗАПИСИ
Страна Российская Федерация
Организация RuMoRKP
Дата составления 20130226
Источник данных rusmarc
801 #2 - ИСТОЧНИК ЗАПИСИ
Страна Российская Федерация
Организация NLR
Дата составления 20130313
Правила каталогизации rcr
942 ## - ДОПОЛНИТЕЛЬНЫЕ ЭЛЕМЕНТЫ ЗАПИСИ (АБИС)
Тип экземпляра АБИС Книга
980 ## - КОЛЛЕКЦИЯ
Название коллекции НБР

Нет доступных экземпляров.